Chiapas es cultura.

Na minha lista:
Detalhes bibliográficos
Formato: Livro
Idioma:espanhol
Assuntos:
Tags: Adicionar Tag
Sem tags, seja o primeiro a adicionar uma tag!

MARC

LEADER 00000nam^a2200000^u^4500
001 000500703
005 20250521000000.0
008 080123s1000^^^^^^^^^^^^r^^^^^000^0^spa^d
009 20260310125748.33
022 |a 968729924X 
035 |a FCE 000044873 
037 |a Acervo ITESO - Biblioteca 
041 |a spa 
082 0 4 |a 917.274  |b CHIc 
245 0 0 |a Chiapas es cultura. 
264 |a Tuxtla Gutiérrez, Chiapas :  |b Secretaria de Turismo,  |c 2004. 
300 |a 129 p. : il. 
336 |a texto  |b txt  |2 rdacontenido 
337 |a sin mediación  |b n  |2 rdamedio 
338 |a volumen  |b nc  |2 rdasoporte 
649 |a XX 
650 |a Cultura 
650 |a Turismo 
650 |a Arquitectura 
650 |a Chiapas, México 
910 |a Fondo Centro de Estudios Educativos 
920 |a Impresos - Libros 
930 |a Fondos Especiales 
905 |a 133 
901 |a ALE051974  |b IT2  |c CEE  |u 20250521 
902 |a https://opac.biblio.iteso.mx/vufind/Record/000500703